| 000 | 00695nam a2200253 i 4500 | ||
|---|---|---|---|
| 001 | bg | ||
| 100 | 1 | _aMARCINIAK, Andrzej | |
| 245 | 1 | 0 |
_aTurbo Pascal 5.5 / _cAndrzej Marciniak. |
| 250 | _aWyd.2 popr. i uzup. | ||
| 260 |
_aPoznań : _b"Nakom", _c1994. |
||
| 300 |
_a590 s. ; _c24 cm. |
||
| 490 | 1 |
_aBiblioteka Użytkownika Mikrokomputerów, _x0867-6011 ; _v2 |
|
| 504 | _aIndeks. | ||
| 650 | 9 | _aPASCAL | |
| 655 | _aPodręczniki | ||
| 830 |
_aBiblioteka Użytkownika Mikrokomputerów, _x0867-6011 ; |
||
| 020 | _a8385060200 | ||
| 040 | _cBPK | ||
| 041 | 0 | _apl | |
| 080 | _a004.438(07)Pascal | ||
| 920 | _a83-85060-20-0 | ||
| 942 | _cKS | ||
| 008 | s pl f |000 0 pol | ||
| 999 |
_c39787 _d39787 |
||
| 856 |
_uhttp://koha.tu.koszalin.pl/cgi-bin/koha/opac-detail.pl?biblionumber=39787 _yKatalog online BPK |
||